书目信息 |
| 题名: |
智力障碍与发展性障碍者支持性就业指南
|
|
| 作者: | 许家成 主编 | |
| 分册: | ||
| 出版信息: | 南京 南京师范大学出版社 2016.10 |
|
| 页数: | 222页 | |
| 开本: | 24cm | |
| 丛书名: | ||
| 单 册: | ||
| 中图分类: | D669.69 | |
| 科图分类: | ||
| 主题词: | 残疾人--就业--研究--中国 | |
| 电子资源: | ||
| ISBN: | 978-7-5651-2825-7 | |
| 000 | 01026nam0 2200241 450 | |
| 001 | 0108153914 | |
| 005 | 20210308154403.0 | |
| 010 | @a978-7-5651-2825-7@dCNY38.00 | |
| 100 | @a20181129d2016 em y0chiy50 ea | |
| 101 | 0 | @achi |
| 102 | @aCN@b320000 | |
| 105 | @ay z 000yy | |
| 106 | @ar | |
| 200 | 1 | @a智力障碍与发展性障碍者支持性就业指南@Azhi li zhang ai yu fa zhan xing zhang ai zhe zhi chi xing jiu ye zhi nan@f许家成主编 |
| 210 | @a南京@c南京师范大学出版社@d2016.10 | |
| 215 | @a222页@d24cm | |
| 300 | @a特殊群体社会支持书系基于北京利智康复中心的支持性就业的行动研究“十三五”国家重点图书出版规划项目中国残疾人康复协会智力残疾康复专业委员会指导国际劳工组织项目远东慈善基金会资助 | |
| 330 | @a本书分为6章,内容包括:支持性就业概述、支持性就业的准备、工作开发与个案转衔、就业安置训练与支持服务、支持性就业总结评估、表格操作与案例示范。 | |
| 606 | 0 | @a残疾人@x就业@x研究@y中国 |
| 690 | @aD669.69@v5 | |
| 701 | 0 | @a许家成@Axu jia cheng@4主编 |
| 801 | 0 | @aCN@bBJSZM@c20210308 |
| 905 | @b1272823-6@dD669.69@e265@f4 | |
| 智力障碍与发展性障碍者支持性就业指南/许家成主编.-南京:南京师范大学出版社,2016.10 |
| 222页;24cm |
| 特殊群体社会支持书系基于北京利智康复中心的支持性就业的行动研究“十三五”国家重点图书出版规划项目中国残疾人康复协会智力残疾康复专业委员会指导国际劳工组织项目远东慈善基金会资助 |
| ISBN 978-7-5651-2825-7:CNY38.00 |
| 本书分为6章,内容包括:支持性就业概述、支持性就业的准备、工作开发与个案转衔、就业安置训练与支持服务、支持性就业总结评估、表格操作与案例示范。 |
| ● |
| 相关链接 |
|
|
|
|
正题名:智力障碍与发展性障碍者支持性就业指南
索取号:D669.69/265
 
预约/预借
| 序号 | 登录号 | 条形码 | 馆藏地/架位号 | 状态 | 备注 |
| 1 | 1272823 | 212728235 | 第一样本阅览室/ [索取号:D669.69/265] | 在馆 | |
| 2 | 1272824 | 212728244 | 教育系资料室/ [索取号:D669.69/265] | 在馆 | |
| 3 | 1272825 | 212728253 | 教育系资料室/ [索取号:D669.69/265] | 在馆 | |
| 4 | 1272826 | 212728262 | 第一借阅区/ [索取号:D669.69/265] | 在馆 |